000 01148cam a22002771i 4500
003 SA-RiAUC
005 20251021065005.0
008 251004s1981 iq g 000 0bara c
040 _aSA-EnSBSSC
_bara
_cSA-RiAUC
_erda
082 0 4 _a922.2
_qSA-RiAUC
090 _a922.2
_bم ش هـ
100 1 _aالمشهداني، هاشم عبد ياسين
_eمؤلف.
245 1 0 _aسفيان الثوري وأثره في التفسير 97 هـ-715 م-161 هـ-778 م /
_cهاشم عبد ياسين المشهداني.
250 _aالطبعة الأولى.
264 1 _aبغداد :
_bدار الكتاب للطباعة،
_c1981
300 _a590 صفحة ؛
_c24 سم
336 _aنص
_btxt
_2rdacontent
_3كتاب
337 _aبدون وسيط
_bn
_2rdamedia
338 _aمجلد
_bnc
_2rdacarrier
600 1 7 _aسفيان الثوري، سفيان بن سعيد بن مسروق،
_d97-161 هجري
_xمساهمات في تفسير القرآن
_2aucnm
630 2 7 _aالقرآن
_xتفسير
_vتراجم
_2aucut
653 _aالتراجم
730 2 2 _aالقرآن
942 _2ddc
_cBOOK
_n0
949 _aSA-JeALM
_d251004
_umohamedma123
_n1
999 _c12652
_d12652